<?xml version="1.0" encoding="UTF-8"?>
<record
    xmlns:xsi="http://www.w3.org/2001/XMLSchema-instance"
    xsi:schemaLocation="http://www.loc.gov/MARC21/slim http://www.loc.gov/standards/marcxml/schema/MARC21slim.xsd"
    xmlns="http://www.loc.gov/MARC21/slim">

  <leader>00462nam a22001817a 4500</leader>
  <controlfield tag="003">OSt</controlfield>
  <controlfield tag="005">20260416101828.0</controlfield>
  <controlfield tag="008">260416b        |||||||| |||| 00| 0 eng d</controlfield>
  <datafield tag="020" ind1=" " ind2=" ">
    <subfield code="a">9789395039093</subfield>
  </datafield>
  <datafield tag="082" ind1=" " ind2=" ">
    <subfield code="a">615.19 GUP</subfield>
  </datafield>
  <datafield tag="100" ind1=" " ind2=" ">
    <subfield code="a">GUPTA, G.D</subfield>
  </datafield>
  <datafield tag="245" ind1=" " ind2=" ">
    <subfield code="a">Pharmaceutical Chemistry: Theory and Practical</subfield>
  </datafield>
  <datafield tag="260" ind1=" " ind2=" ">
    <subfield code="a">Hyderabad</subfield>
    <subfield code="b">Pharmamed</subfield>
    <subfield code="c">2025</subfield>
  </datafield>
  <datafield tag="300" ind1=" " ind2=" ">
    <subfield code="a">viii,361</subfield>
  </datafield>
  <datafield tag="650" ind1=" " ind2=" ">
    <subfield code="a">Pharmaceutical Chemistry</subfield>
  </datafield>
  <datafield tag="700" ind1=" " ind2=" ">
    <subfield code="a">Asati, Vivek</subfield>
  </datafield>
  <datafield tag="942" ind1=" " ind2=" ">
    <subfield code="2">ddc</subfield>
    <subfield code="c">BK</subfield>
  </datafield>
  <datafield tag="999" ind1=" " ind2=" ">
    <subfield code="c">13907</subfield>
    <subfield code="d">13907</subfield>
  </datafield>
  <datafield tag="952" ind1=" " ind2=" ">
    <subfield code="0">0</subfield>
    <subfield code="1">0</subfield>
    <subfield code="2">ddc</subfield>
    <subfield code="4">0</subfield>
    <subfield code="7">0</subfield>
    <subfield code="8">DP</subfield>
    <subfield code="a">PIET</subfield>
    <subfield code="b">PIET</subfield>
    <subfield code="d">2026-04-11</subfield>
    <subfield code="e">Zafaa Books Distributres</subfield>
    <subfield code="f">Indian Rup</subfield>
    <subfield code="g">575.00</subfield>
    <subfield code="k">ZBD-26-27-0007</subfield>
    <subfield code="l">0</subfield>
    <subfield code="o">615.19 GUP</subfield>
    <subfield code="p">DP1520</subfield>
    <subfield code="r">2026-04-16 10:24:00</subfield>
    <subfield code="v">402.50</subfield>
    <subfield code="w">2026-04-07</subfield>
    <subfield code="y">REF</subfield>
  </datafield>
  <datafield tag="952" ind1=" " ind2=" ">
    <subfield code="0">0</subfield>
    <subfield code="1">0</subfield>
    <subfield code="2">ddc</subfield>
    <subfield code="4">0</subfield>
    <subfield code="7">0</subfield>
    <subfield code="8">DP</subfield>
    <subfield code="a">PIET</subfield>
    <subfield code="b">PIET</subfield>
    <subfield code="d">2026-04-11</subfield>
    <subfield code="e">Zafaa Books Distributres</subfield>
    <subfield code="f">Indian Rup</subfield>
    <subfield code="g">575.00</subfield>
    <subfield code="k">ZBD-26-27-0007</subfield>
    <subfield code="l">0</subfield>
    <subfield code="o">615.19 GUP</subfield>
    <subfield code="p">DP1521</subfield>
    <subfield code="r">2026-04-16 10:24:18</subfield>
    <subfield code="v">402.50</subfield>
    <subfield code="w">2026-04-07</subfield>
    <subfield code="y">BK</subfield>
  </datafield>
  <datafield tag="952" ind1=" " ind2=" ">
    <subfield code="0">0</subfield>
    <subfield code="1">0</subfield>
    <subfield code="2">ddc</subfield>
    <subfield code="4">0</subfield>
    <subfield code="7">0</subfield>
    <subfield code="8">DP</subfield>
    <subfield code="a">PIET</subfield>
    <subfield code="b">PIET</subfield>
    <subfield code="d">2026-04-11</subfield>
    <subfield code="e">Zafaa Books Distributres</subfield>
    <subfield code="f">Indian Rup</subfield>
    <subfield code="g">575.00</subfield>
    <subfield code="k">ZBD-26-27-0007</subfield>
    <subfield code="l">0</subfield>
    <subfield code="o">615.19 GUP</subfield>
    <subfield code="p">DP1522</subfield>
    <subfield code="r">2026-04-16 10:24:18</subfield>
    <subfield code="v">402.50</subfield>
    <subfield code="w">2026-04-07</subfield>
    <subfield code="y">BK</subfield>
  </datafield>
  <datafield tag="952" ind1=" " ind2=" ">
    <subfield code="0">0</subfield>
    <subfield code="1">0</subfield>
    <subfield code="2">ddc</subfield>
    <subfield code="4">0</subfield>
    <subfield code="7">0</subfield>
    <subfield code="8">DP</subfield>
    <subfield code="a">PIET</subfield>
    <subfield code="b">PIET</subfield>
    <subfield code="d">2026-04-11</subfield>
    <subfield code="e">Zafaa Books Distributres</subfield>
    <subfield code="f">Indian Rup</subfield>
    <subfield code="g">575.00</subfield>
    <subfield code="k">ZBD-26-27-0007</subfield>
    <subfield code="l">0</subfield>
    <subfield code="o">615.19 GUP</subfield>
    <subfield code="p">DP1523</subfield>
    <subfield code="r">2026-04-16 10:24:18</subfield>
    <subfield code="v">402.50</subfield>
    <subfield code="w">2026-04-07</subfield>
    <subfield code="y">BK</subfield>
  </datafield>
  <datafield tag="952" ind1=" " ind2=" ">
    <subfield code="0">0</subfield>
    <subfield code="1">0</subfield>
    <subfield code="2">ddc</subfield>
    <subfield code="4">0</subfield>
    <subfield code="7">0</subfield>
    <subfield code="8">DP</subfield>
    <subfield code="a">PIET</subfield>
    <subfield code="b">PIET</subfield>
    <subfield code="d">2026-04-11</subfield>
    <subfield code="e">Zafaa Books Distributres</subfield>
    <subfield code="f">Indian Rup</subfield>
    <subfield code="g">575.00</subfield>
    <subfield code="k">ZBD-26-27-0007</subfield>
    <subfield code="l">0</subfield>
    <subfield code="o">615.19 GUP</subfield>
    <subfield code="p">DP1524</subfield>
    <subfield code="r">2026-04-16 10:24:18</subfield>
    <subfield code="v">402.50</subfield>
    <subfield code="w">2026-04-07</subfield>
    <subfield code="y">BK</subfield>
  </datafield>
</record>
